Draw the Outline of Spain on a Map - Statistics

General Stats
  • This quiz has been taken 73 times
  • The average score is 9 of 12
Answers on the Map
Answers color-coded by a green-red scale on the quiz's map according to % correct below.
 
Answer Stats
Answer % Correct
Galicia
96%
Asturias
88%
Cantabria
83%
Catalonia
77%
Valencia
77%
Aragon
75%
Basque Country
75%
Murcia
75%
Navarre
75%
Andalusia
73%
Extremadura
67%
Castile and León
50%
No matching quizzes found
Score Distribution
Percent of People with Each Score
Percentile by Number Answered
Your Score History
You have not taken this quiz